| 000 | 00721nam a2200217 a 4500 | ||
|---|---|---|---|
| 001 | 000012548 | ||
| 005 | 20240530073914.0 | ||
| 008 | 091113s2006 dr 000 f spa d | ||
| 020 | _a9945160176 | ||
| 040 |
_aDO-SdBNP _bspa _cBNPHU |
||
| 082 |
_aRD863.44 _bM516u |
||
| 100 | 1 |
_aMejía Corcino, Roberto _d1974- _929251 |
|
| 245 | 1 | 0 |
_aUna vida en suspenso en los últimos días de la era / _cRoberto Antonio Mejía Corcino. |
| 260 |
_aSanto Domingo : _bBúho, _c2006. |
||
| 300 |
_a72 p. ; _c22 cm. |
||
| 500 | _aIncluye datos biográficos del autor : p. 8 | ||
| 590 | _aInventariado, 2019/BT | ||
| 650 | 0 |
_aNovela dominicana _9223 |
|
| 650 | 0 |
_aLiteratura dominicana. _967 |
|
| 910 | _aValidado. Control de calidad MFF | ||
| 999 |
_c12203 _d12203 |
||